000 00459nam a2200181 a 4500
001 3579
005 20140414132038.0
008 040601s19uu xx 00 eng d
050 _aTR
_bW56 1987
245 _aWhere's the picnic?.
260 _aU.S.A :
_bWorld Book,
_c1987.
300 _a1 v. (unp.) : ill. ; cm.
440 _aEarly world of learning
500 _aTR/PS
650 _aPicnic--Fiction.
650 _aChildren stories.
999 _c113768
_d113768